South Eastern Kenya University

Library Online Public Access Catalogue


Concise prelude to programming : (Record no. 5933)

MARC details
000 -LEADER
fixed length control field 00649cam a2200205 a 4500
020 ## - ISBN
International Standard Book Number 0321482662 (alk. paper)
020 ## - ISBN
International Standard Book Number 1576761169 (pbk.)
050 00 - LIBRARY OF CONGRESS CALL NUMBER
Classification Number QA76.6
Item Number V46 2004
100 1# - MAIN ENTRY--Author
Personal name Venit, Stewart.
245 10 - TITLE
Title Concise prelude to programming :
Remainder of title concepts & design /
Statement of responsibility, etc Stewart Venit, Elizabeth Drake.
250 ## - EDITIONSTATEMENT
Edition statement 2nd edition
260 ## - PUBLICATION, DISTRIBUTION, ETC.(IMPRINT)
Place of publication, distribution, etc Boston [USA] :
Name of publisher, distributor, etc Pearson/Addison Wesley,
Date of publication, distribution, etc c2006.
300 ## - PHYSICAL DESCRIPTION
Extent xiii, 206 p. :
500 ## - GENERALNOTE
General note Includes index.
650 ## - SUBJECT--TOPIC
General subdivision Computer programming.
700 1# - ADDED ENTRY--PERSONAL AUTHOR
Personal Name Drake, Elizabeth,
700 1# - ADDED ENTRY--PERSONAL AUTHOR
Personal Name Venit, Stewart.
856 41 - URL/ELECTRONIC LOCATION AND ACCESS
Uniform Resource Identifier <a href="http://www.loc.gov/catdir/toc/ecip071/2006031103.html">http://www.loc.gov/catdir/toc/ecip071/2006031103.html</a>
942 ## - ADDED ENTRY ELEMENTS(KOHA)
Source of classification or shelving scheme Library of Congress Classification
Koha item type General circulation
Holdings
Source of classification or shelving scheme Not for loan Location (home branch) Sublocation (holding branch) Shelving location Date accessioned Cost, normal purchase price Full call number Barcode Cost, replacement price Nonpublic note Koha item type Public note
Library of Congress Classification   Main Campus Library Main Campus Library   14/07/2015 6680.00 QA76.6 V46 2004 2015/002860 7348.00 Nzk General circulation Nzk
Kitui, Kenya.
+254736116989
library@seku.ac.ke